Sex awareness among rural girls (Record no. 691216)
[ view plain ]
| 000 -LEADER | |
|---|---|
| fixed length control field | 00782nam a2200265Ia 4500 |
| 003 - CONTROL NUMBER IDENTIFIER | |
| control field | OSt |
| 005 - DATE AND TIME OF LATEST TRANSACTION | |
| control field | 20220927105216.0 |
| 008 - FIXED-LENGTH DATA ELEMENTS--GENERAL INFORMATION | |
| fixed length control field | 220926b |||||||| |||| 00| 0 eng d |
| 020 ## - INTERNATIONAL STANDARD BOOK NUMBER | |
| International Standard Book Number | 8176463655 |
| 037 ## - SOURCE OF ACQUISITION | |
| Terms of availability | Reference Collections |
| 040 ## - CATALOGING SOURCE | |
| Original cataloging agency | RTL |
| Transcribing agency | RTL |
| Language of cataloging | eng |
| 041 ## - LANGUAGE CODE | |
| Source of code | eng |
| Language code of text/sound track or separate title | eng |
| 100 ## - MAIN ENTRY--PERSONAL NAME | |
| Personal name | Murthy M S R |
| 9 (RLIN) | 370966 |
| 245 #0 - TITLE STATEMENT | |
| Title | Sex awareness among rural girls |
| 260 ## - PUBLICATION, DISTRIBUTION, ETC. | |
| Place of publication, distribution, etc. | Delhi |
| Name of publisher, distributor, etc. | B R Publishing Corporation India |
| Date of publication, distribution, etc. | 2003 |
| 300 ## - PHYSICAL DESCRIPTION | |
| Extent | "xxv, 124p" |
| Dimensions | cm. |
| 500 ## - GENERAL NOTE | |
| General note | Bibliography P 105-110 |
| 650 ## - SUBJECT ADDED ENTRY--TOPICAL TERM | |
| Topical term or geographic name entry element | Sociology |
| 942 ## - ADDED ENTRY ELEMENTS (KOHA) | |
| Classification part | "Y1125:(T9(Y31):3(S5).216, N3;P3" |
| Koha item type | |
| Withdrawn status | Lost status | Damaged status | Not for loan | Home library | Current library | Date acquired | Total Checkouts | Full call number | Barcode | Date last seen | Price effective from | Koha item type |
|---|---|---|---|---|---|---|---|---|---|---|---|---|
| Ratan Tata Library | Ratan Tata Library | 2022-09-27 | "Y1125:(T9(Y31):3(S5).216 N3;P3" | RT1147887 | 2022-09-27 | 2022-09-27 |
